000 00281nam a2200097Ia 4500
001 761142
005 20250826165201.0
008 250824s9999 xx 000 0 und d
245 0 _aBALKAN MUHACİRLERİNİN KONYA VİLAYETİNE İSKANI
_cKÜRŞAT KURTULGAN
260 _bÇİZGİ YAYINLARI
999 _c761142
_d761142